| 000 | 01025nam a22003017a 4500 | ||
|---|---|---|---|
| 001 | BR2014007135 | ||
| 003 | BR-BrBNA | ||
| 005 | 20230928104526.0 | ||
| 007 | ta | ||
| 008 | 230509b bl.||||| |||| 00| 0 por d | ||
| 040 |
_aBR-BrBNA _bpor _cBiblioteca Nacional de Agricultura |
||
| 041 | _a(Por) | ||
| 072 |
_aQ03; H20 _b2120 _b4120 |
||
| 090 | _ 2120 BR2014007135 | ||
| 100 | 1 | _aSousa, T.M. de A. | |
| 110 | 1 |
_aUniversidade Federal de Lavras, MG (Brasil) _0Tese (Mestrado) |
|
| 245 | 1 | _aIncidência de fungos toxigênicos em grãos de café em Minas Gerais e projeção de risco de Ocratoxina A em função do possível aumento da temperatura utilizando um modelo matemático | |
| 260 | 3 |
_aLavras, MG (Brasil): _c2014. |
|
| 300 | _a88 p. | ||
| 500 | _aSummaries (Eng, Por); Includes several bibliographies; 9 illus.; 11 tables | ||
| 650 | _aCAFE | ||
| 650 | _aFUNGO | ||
| 650 | _aOCRATOXINA | ||
| 650 | _aTEMPERATURA | ||
| 650 | _aMODELO MATEMATICO | ||
| 909 |
_a202309 _bLucia _c55 _dLucia Elande |
||
| 942 | _cBK | ||
| 999 |
_c80400 _d80400 |
||